Sử thi Ba Na và số phận của nó trong xã hội đương đại
Nội dung sách giới thiệu tổng quan về những vấn đề liên quan đến đề tài nghiên cứu. Sử thi Ba Na - sản phẩm văn hóa đặc thù của người Ba Na trong quá khứ. Số phận của sử thi Ba Na trong xã hội đương đại....
Saved in:
| Main Author: | |
|---|---|
| Format: | Book |
| Language: | Undetermined |
| Published: |
Hà Nội
Mỹ thuật
2016
|
| Subjects: | |
| Tags: |
Add Tag
No Tags, Be the first to tag this record!
|
| Institutions: | Trung tâm Học liệu Trường Đại học Cần Thơ |
|---|
| LEADER | 00940nam a2200193Ia 4500 | ||
|---|---|---|---|
| 001 | CTU_226742 | ||
| 008 | 210402s9999 xx 000 0 und d | ||
| 082 | |a 895.931032 | ||
| 082 | |b L600 | ||
| 100 | |a Lê, Thị Thùy Ly | ||
| 245 | 0 | |a Sử thi Ba Na và số phận của nó trong xã hội đương đại | |
| 245 | 0 | |c Lê Thị Thùy Ly | |
| 260 | |a Hà Nội | ||
| 260 | |b Mỹ thuật | ||
| 260 | |c 2016 | ||
| 520 | |a Nội dung sách giới thiệu tổng quan về những vấn đề liên quan đến đề tài nghiên cứu. Sử thi Ba Na - sản phẩm văn hóa đặc thù của người Ba Na trong quá khứ. Số phận của sử thi Ba Na trong xã hội đương đại. | ||
| 650 | |a Văn học sử thi người Việt,Epic literature, Vietnamese | ||
| 910 | |b dqhieu | ||
| 980 | |a Trung tâm Học liệu Trường Đại học Cần Thơ | ||